01454cam a2200361 a 45000010008000000030004000080050017000120080041000290100017000700200028000870350021001150400018001360430012001540500025001660820018001911000017002092450061002262600043002873000028003304900036003585000075003945040064004696510045005336510057005788300044006358560094006798560086007738560074008599060045009339420012009789990009009909520093009993090851OSt20230507165056.0981104s1999 nyu b 001 0 eng  a 98050837  a0312222017 (alk. paper) a(DLC) 98050837 aDLCcDLCdDLC af-ke---00aDT433.575b.K95 199900a967.62/032211 aKyle, Keith.14aThe politics of the independence of Kenya /cKeith Kyle. aNew York :bSt. Martin's Press,c1999. axviii, 258 p. ;c23 cm.1 aContemporary history in context a"In association with Institute of Contemporary British History, ICBH." aIncludes bibliographical references (p. 239-243) and index. 0aKenyaxPolitics and governmentyTo 1963. 0aKenyaxHistoryxAutonomy and independence movements. 0aContemporary history in context series.423Contributor biographical informationuhttp://www.loc.gov/catdir/bios/hol057/98050837.html423Publisher descriptionuhttp://www.loc.gov/catdir/description/hol056/98050837.html413Table of contentsuhttp://www.loc.gov/catdir/toc/hol052/98050837.html a7bcbccorignewd1eocipf19gy-gencatlg 2ddccBK c6d6 00102ddc4070a001b001d2023-06-02l0o967.6203p10014400r2023-06-02w2023-06-02yBK